| 000 | 01009nam a2200265Ia 4500 | ||
|---|---|---|---|
| 003 | OSt | ||
| 005 | 20221005111520.0 | ||
| 006 | a|||||r|||| 00| 0 | ||
| 007 | ta | ||
| 008 | 221004b |||||||| |||| 00| 0 doi d | ||
| 020 |
_a81 26004797 (pbk) _c100 |
||
| 024 | _a97296 | ||
| 037 |
_b537, 24/03/2009, Vani Prakashan _cTextual |
||
| 040 |
_aCRL _cCRL _bdoi |
||
| 041 |
_2doi _adoi |
||
| 082 | _aY:351.247, 152N9 | ||
| 100 | _aसचदेव, पद्मा, अनु. | ||
| 245 | 0 | _aडोगरी लोकगीत संसार - डोगरी लोक गीत | |
| 246 | _aḌogarī lokagīt sansār - ḍogarī lok gīta | ||
| 260 |
_aनई दिल्ली _bसाहित्य अकादेमी भारत _c1999 |
||
| 300 |
_a180पृ0 _ccm. |
||
| 650 | _aडोगरी साहित्य | ||
| 942 |
_hY:351.247, 152N9 _cTEXL _2cc |
||
| 999 |
_c1022068 _d1022068 |
||